000
00312nam a2200121Ia 4500
008
190216s9999||||xx |||||||||||||| ||und||
100
_a
Rajgopal Thyagi
245
0
_a
Organic Reaction Mechanism With Problems
260
_b
"Discovery Publishing House, Delhi"
300
_a
498
650
_a
Chemistry
942
_c
BK
999
_c
3267
_d
3267